Geología / (Record no. 124452)

MARC details
000 -LEADER
campo de control de longitud fija 01149nam a2200277 i 4500
001 - NÚMERO DE CONTROL
campo de control 124452
003 - IDENTIFICADOR DE NÚMERO DE CONTROL
campo de control ES-MaACL
005 - FECHA Y HORA DE LA ÚLTIMA TRANSACCIÓN
campo de control 20250815110838.0
007 - CAMPO FIJO DE DESCRIPCIÓN FÍSICA--INFORMACIÓN GENERAL
campo de control de longitud fija t|
008 - DATOS DE LONGITUD FIJA--INFORMACIÓN GENERAL
campo de control de longitud fija 070327s1926 sp ||||1| spa d
080 ## - NÚMERO DE LA CLASIFICACIÓN DECIMAL UNIVERSAL
Número de la Clasificación Decimal Universal 55(022)
100 1# - ENTRADA PRINCIPAL--NOMBRE DE PERSONA
Nombre de persona Frech, Fritz.
9 (RLIN) 52405
245 10 - MENCIÓN DEL TÍTULO
Título Geología /
Mención de responsabilidad, etc. Fritz Frech ; traducida de la 3ª edición alemana por Carlos de Salas y Vicente Inglada Ors.
260 ## - PUBLICACIÓN, DISTRIBUCIÓN, ETC.
Lugar de publicación, distribución, etc. Barcelona :
Nombre del editor, distribuidor, etc. Labor,
Fecha de publicación, distribución, etc. 1926.
300 ## - DESCRIPCIÓN FÍSICA
Extensión 3 v., lám., plan. :
Otras características físicas il. ;
Dimensiones 17 cm.
490 1# - MENCIÓN DE SERIE
Mención de serie Colección Labor ;
Designación de volumen o secuencia 54-55, 87-88, 272-273
505 8# - NOTA DE CONTENIDO CON FORMATO
Nota de contenido con formato Contiene: 1. Volcanes ; Estructura de las montañas ; Temblores de tierra - 2. Actividad del agua corriente ; Formación de los suelos ; Actividad del mar - 3. Carbón de piedra ; Desiertos y clima en la prehistoria geológica ; Glaciares de otro tiempo y actuales
650 #7 - PUNTO DE ACCESO ADICIONAL DE MATERIA--TÉRMINO DE MATERIA
Término de materia o nombre geográfico como elemento de entrada Geología
Fuente del encabezamiento o término embne
9 (RLIN) 13086
700 1# - ENTRADA AGREGADA--NOMBRE PERSONAL
Nombre de persona Salas, Carlos de.
9 (RLIN) 101725
700 1# - ENTRADA AGREGADA--NOMBRE PERSONAL
Nombre de persona Inglada Ors, Vicente.
9 (RLIN) 65295
830 10 - PUNTO DE ACCESO ADICIONAL DE SERIE-TÍTULO UNIFORME
Título uniforme Colección Labor
Designación de volumen o secuencia 54-55, 87-88, 272-273
9 (RLIN) 184254
852 ## - LOCALIZACIÓN
Ubicación ES-MaACL
Número de control de estantería E-2599
852 ## - LOCALIZACIÓN
Ubicación ES-MaACL
Número de control de estantería E-2625
852 ## - LOCALIZACIÓN
Ubicación ES-MaACL
Número de control de estantería E-2768
Holdings
Estatus retirado Estado de pérdida Estado de daño No para préstamo Biblioteca de origen Biblioteca actual Ubicación en estantería Fecha de adquisición Fuente de adquisición Total de préstamos Signatura topográfica completa Código de barras Visto por última vez Precio de reemplazo Tipo de ítem Koha
        Biblioteca del Ateneo de Madrid Biblioteca del Ateneo de Madrid Depósito 2 17/01/2008     E-2768 1129662 23/02/2023 23/02/2023 Libro impreso
        Biblioteca del Ateneo de Madrid Biblioteca del Ateneo de Madrid Depósito 2 17/01/2008     E-2599 1129660 23/02/2023 23/02/2023 Libro impreso
        Biblioteca del Ateneo de Madrid Biblioteca del Ateneo de Madrid Depósito 2 17/01/2008     E-2625 1129661 23/02/2023 23/02/2023 Libro impreso